La muralla china cuentos, relatos y otros escritos (Registro nro. 44806)

Detalles MARC
000 -ENCABEZADO
Número de control [NR] 00903nam a2200241Ia 4500
008 - DE LONGITUD FIJA DE DATOS DE ELEMENTOS - INFORMACIÓN GENERAL
Elementos de longitud fija [NR] 130821s1999 sp gr spa
020 ## - NUMERO INTERNACIONAL NORMALIZADO PARA LIBROS [R]
Número Internacional Normalizado del libro [NR] 8420638404
040 ## - FUENTE DE CATALOGACION [NR]
Agencia de catalogación original [NR] Co-BoUCM
Idioma de catalogación [NR] spa
041 00 - CODIGO DE IDIOMA [R]
Código de idioma para texto/pista de sonido o título separado [R] Español
100 1# - ASIENTO PRINCIPAL--NOMBRE PERSONAL [NR]
Nombre personal [NR] Kafka, Franz
Fechas asociadas con el nombre [NR] 1883-1924.
ID Autoridad 692
245 13 - MENCION DE TITULO [NR]
Título [NR] La muralla china cuentos, relatos y otros escritos
Mención de responsabilidad, etc. [NR] Franz Kafka; traducción de Alfredo Pippig, Alejandro Ruiz Guiñazú y Carmen Gauger
260 ## - PUBLICACION, DISTRIBUCION, ETC. (PIE DE IMPRENTA) [R]
Lugar de publicación, distribución, etc. [R] Madrid (España)
Nombre del editor, distribuidor, etc. [R] Alianza Editorial
Fecha de publicación, distribución, etc. [R] 1999
300 ## - DESCRIPCION FISICA [R]
Extensión [R] 297 páginas
490 ## - MENCION DE SERIE [R]
Mención de serie [R] Bilioteca de Autor
Designación numérica/secuencial del volumen [NR] 0563.
650 04 - ASIENTO SECUNDARIO DE MATERIA - TERMINO TEMATICO [R]
Término temático o nombre geográfico como elemento de entrada [NR] Cuentos checoslovacos
9 (RLIN) 12258
650 04 - ASIENTO SECUNDARIO DE MATERIA - TERMINO TEMATICO [R]
Término temático o nombre geográfico como elemento de entrada [NR] Literatura checoslovaca
9 (RLIN) 18624
650 04 - ASIENTO SECUNDARIO DE MATERIA - TERMINO TEMATICO [R]
Término temático o nombre geográfico como elemento de entrada [NR] Literatura europea
9 (RLIN) 26524
700 1# - ASIENTO SECUNDARIO - NOMBRE PERSONAL [R]
Nombre personal [NR] Gauger, Carmen.
Término de relación [R]
9 (RLIN) 161649
700 1# - ASIENTO SECUNDARIO - NOMBRE PERSONAL [R]
Nombre personal [NR] Pippig, Alfredo.
Término de relación [R]
9 (RLIN) 161666
700 1# - ASIENTO SECUNDARIO - NOMBRE PERSONAL [R]
Nombre personal [NR] Ruiz Guiñazu, Alejandro.
Término de relación [R]
9 (RLIN) 161667
942 ## - ELEMENTOS DE ENTRADA AGREGADOS (KOHA)
Tipo de ítem principal el descrito en 300a Libro
Tema principal Literatura
Edición 1
Parte restante de la signatura top. K118m
Sistema de clasificación DEWEY
Clasificación 891.865
Título oculto en OPAC No
Existencias
Fecha de último préstamo Total préstamos Total Renewals Signatura topográfica Código de barras Última vez visto Ejemplar Price effective from Tipo de ítem Perdido Sistema de clasificación Dañado No prestable Tipo de ítem específico Suprimido Ubicación habitual Ubicación actual Localización Fecha de creación Forma de adquisición Costo
10/10/2025 25 1 891.865 K118m 100070675 12/12/2025 Ej.1 03/02/2013 Libro   DEWEY     Libro   Quinta de Mutis Quinta de Mutis Mezanecs 28/02/2004 Compra 53900.00